Diversification, Refocusing, and Economic Performance

Saved in:
Bibliographic Details
Main Author: Markides, Constantinos C.
Format: Book
Language:English
Published: Cambridge The MIT Press 1995
Edition:1. ed.
Subjects:
Tags: Add Tag
No Tags, Be the first to tag this record!

MARC

LEADER 00000nam a2200000 4500
001 c014787
005 20221205132854.9
020 |a 0-262-13311-3 
041 0 |a eng 
044 |a US 
245 1 0 |a Diversification, Refocusing, and Economic Performance  |c Constantinos C. Markides 
250 |a 1. ed. 
264 1 |a Cambridge  |b The MIT Press  |c 1995 
300 |a 207 s. 
610 2 0 |a zmeny organizačné 
610 2 0 |a reorganizácia 
610 2 0 |a spoločnosti 
610 2 0 |a USA 
610 2 0 |a štúdie prípadové 
100 1 |a Markides, Constantinos C.